1964 1486 1265 1916 1995 1762 1776 1019 1262 1333 1610 1997 1853 1316 1694 1101 1276 1689 1999 1139 1019 1588 1840 1594 1236 1989 1985 1801 1486 1418 1122 1838 1106 1941 1130 1098 1981 1945 1294 1922 1466 1377 1896 1287 1293 1562 1224 1815 1925 1435 1835 1204 1219 1635 1688 1044 1467 1604 1598 1744 1596 1306 1704 1150 1876 1683 1119 1525 1036 1853 1716 1878 1317 1544 1373 1806 1593 1790 1232 1925 1527 1819 1495 1986 1502 1255 1736 1400 1615 1969 1231 1957 1886 1120 1687 1226 1654 1860 1388 BCNSPRNW ULIB Ver.6.0+V

เปลี่ยนเป็นภาษาไทย

Change to English
 แสดงรายละเอียดบรรณานุกรม
  กลับหน้าหลัก

Brief Record : Get Marc (ISO 2709) : E-mail record : QR code < ปิดหน้าต่าง
LEADER : 00000nam 2200000uu 4500
001    13399112525
003     ULIB
008    110822s2543||||th 000 0 tha d
020    9746637002(ล.9)
060  4 QV55^bน148ย ล.9 2543
100 0  นงลักษณ์ สุขวาณิชย์ศิลป์
245 00 ยาใหม่ในประเทศไทย 9/^cนงลักษณ์ สุขวาณิชย์ศิลป์,บรรณาธิการ
246 30 ยาใหม่ในประเทศไทย 9
260    กรุงเทพฯ :^bคลังข้อมูลยา คณะเภสัชศาสตร์ มหาวิทยาลัยมหิดล,^c2543
300    277 หน้า
650  7 ยา
650  7 เภสัชวิทยา
650  7 การใช้ยา^xคู่มือ
710 2  มหาวิทยาลัยมหิดล. ^bคณะเภสัชศาสตร์. ^bคลังข้อมูลยา
945    ^p280^l0^i7871
945    ^p280^l0^i8237
995    กัณชพร
999    ^aใช้งานได้ทุกระบบ
รายการนี้ยังไม่มีแท็ก
คุณยังไม่ได้ล็อกอิน คุณสามารถมีกิจกรรมร่วมกับเว็บไซต์ได้ แต่ต้องล็อกอินก่อน ::
  ล็อกอิน

รายการสื่อสารสนเทศ

ลำดับที่ ประเภท เลขเรียก/บาร์โค้ด สถานที่ สถานะ
- ไม่พบข้อมูล -

รายการใกล้เคียง
    หัวเรื่อง [ยา]
    หัวเรื่อง [เภสัชวิทยา]

BibComment


ยังไม่เคยถูกคอมเมนท์

คอมเมนท์ทรัพยากรรายการนี้
  คอมเมนท์: ยาใหม่ในประเทศไทย..


 Copyright 2026. Bcnsprnw @Library